Представление документа в формате MARC21

Поле Инд. ПП Название Значение
Тип записи a
Библиографический уровень b
001 Контрольный номер RU/IS/BASE/234621877
005 Дата корректировки 20200610181726.3
040 b Код языка каталог. rus
e Правила каталог. PSBO
041 0_ a Код языка текста rus
084 a Индекс другой классификации/Индекс ББК 83.3(2=411.2)5
100 1_ a Автор Макеев М. С.
245 10 a Заглавие Поэт и покровитель: из истории издания сборника Н.А. Некрасова "Мечты и звуки"
504 a Библиография Библиогр. - Примеч.: с. 100 - 101
600 14 a Персоналии Некрасов Николай Алексеевич
650 04 a Основная рубрика история литературы
a Основная рубрика литературоведение
a Основная рубрика филологические науки
653 0_ a Ключевые слова "Мечты и звуки"
a Ключевые слова XIX век
a Ключевые слова поэзия
a Ключевые слова Россия
773 0_ t Заглавие источника Вестник Московского университета. Серия 9, Филология
d Дата издания источника 2006
g Прочая информация № 5. - С. 102 - 115
w Контрольный № источника RU/IS/BASE/220371624
901 t Тип документа b